[Event "IECG TG-2007-0-15795"]
[Site "IECG email"]
[Date "2007.12.02"]
[Round "2"]
[White "Lefavi, Gaetano"]
[Black "Vainio, Juhani"]
[Result "0-1"]
[WhiteElo "1179"]
[BlackElo "1350"]
[PlyCount "58"]
[EventDate "2007.12.02"]
[EventType "tourn (corr)"]
[EventRounds "6"]
[SourceTitle "Corr 2024"]
[Source "ChessBase"]
[SourceDate "2023.10.19"]
[SourceVersion "1"]
[SourceVersionDate "2023.10.19"]
[SourceQuality "1"]

1. Nf3 Nf6 2. Nc3 d5 3. Ne5 d4 4. Rb1 dxc3 5. bxc3 Nbd7 6. Nxd7 Qxd7 7. Ba3 Qa4 8. Bc5 Qxa2 9. Bd4 Qd5 10. Rb4 e5 11. e4 Qxe4+ 12. Be3 Bxb4 13. f3 Qg6 14. cxb4 Nd5 15. b5 0-0 16. h4 Nxe3 17. dxe3 Qg3+ 18. Ke2 Be6 19. h5 Rfd8 20. Qd3 Rxd3 21. cxd3 Bd7 22. h6 Bxb5 23. hxg7 Rd8 24. f4 Rxd3 25. Rh3 Rxe3+ 26. Kd1 Qe1+ 27. Kc2 Qc3+ 28. Kb1 Re1+ 29. Ka2 Ra1# 0-1

[Event "IECC M1-2007.T72"]
[Site "IECC email"]
[Date "2007.11.29"]
[Round "?"]
[White "Vainio, Juhani"]
[Black "Lengyel, Miklos"]
[Result "1-0"]
[WhiteElo "1426"]
[BlackElo "1367"]
[PlyCount "51"]
[EventDate "2007.??.??"]
[EventType "match (corr)"]
[EventRounds "2"]
[SourceTitle "Corr 2020"]
[Source "ChessBase"]
[SourceDate "2019.09.30"]
[SourceVersion "1"]
[SourceVersionDate "2019.09.30"]
[SourceQuality "1"]
[WhiteTeam "Finland"]
[BlackTeam "Hungary"]
[WhiteTeamCountry "FIN"]
[BlackTeamCountry "HUN"]

1. d4 Nf6 2. c4 g6 3. Nf3 Bg7 4. Nc3 d6 5. g3 0-0 6. Bg2 Nc6 7. 0-0 Bg4 8. Bg5 h6 9. Bf4 Qd7 10. d5 Na5 11. b3 Nh5 12. Bd2 c6 13. Rc1 c5 14. e4 b6 15. Qc2 a6 16. Qd3 Rab8 17. Rfe1 Bxf3 18. Qxf3 Nf6 19. e5 dxe5 20. Rxe5 b5 21. Rce1 Rfe8 22. Ne4 Nxe4 23. R5xe4 bxc4 24. Bxa5 cxb3 25. axb3 Qxd5 26. Rxe7 1-0

[Event "IECC M1-2007.T70"]
[Site "IECC email"]
[Date "2007.11.29"]
[Round "?"]
[White "Vainio, Juhani"]
[Black "Schaap, Michael David"]
[Result "1-0"]
[WhiteElo "1439"]
[BlackElo "1289"]
[PlyCount "55"]
[EventDate "2007.??.??"]
[EventType "match (corr)"]
[EventRounds "2"]
[SourceTitle "Corr 2020"]
[Source "ChessBase"]
[SourceDate "2019.09.30"]
[SourceVersion "1"]
[SourceVersionDate "2019.09.30"]
[SourceQuality "1"]
[WhiteTeam "Finland"]
[BlackTeam "United States"]
[WhiteTeamCountry "FIN"]
[BlackTeamCountry "USA"]

1. e4 d6 2. d4 Bd7 3. Nf3 e6 4. Nc3 Nc6 5. Bc4 Nf6 6. 0-0 Qe7 7. a4 d5 8. exd5 0-0-0 9. dxc6 Bxc6 10. Ne5 Rd5 11. Nxc6 Qd7 12. Nxa7+ Kb8 13. Bxd5 exd5 14. Nab5 c6 15. Bf4+ Kc8 16. Na7+ Kd8 17. a5 Bd6 18. Bxd6 Qxd6 19. a6 bxa6 20. Rxa6 Ke7 21. Re1+ Ne4 22. Nxc6+ Kf6 23. Qf3+ Ke6 24. Nxe4 Qd7 25. Qxf7+ Qxf7 26. Ne5+ Ke7 27. Ra7+ Ke6 28. Nc5+ 1-0